000 006410000a22002050004500
999 _c48438
_d48438
001 1267
003 CO-MdFUSB
005 20180507141519.0
008 180507b xxu||||| |||| 00| 0 eng d
020 _a958-8110-52-1
040 _cCO-MdBIC
082 0 4 _a036 P94c
100 1 _aFernández Medina, Maximiliano
245 1 0 _aCamino a la Universidad / Maximiliano Fernández Medina ; Zárate Murillo ; Oscar Darío
250 _a3a ed.
260 _aColombia : Prolibros
300 _a376Pag
505 0 0 _aT.1 Español, Literatura, Biología, Ecología T.2 Matemáticas T.3 Filosofía, H istoria, Geografía, Democracia
942 _cLGB